Building credibility in a small-open economy: a case of the Bank of Albania

Salvato in:
Dettagli Bibliografici
Autore principale: Dráb, Ján
Altri autori: Dujava, Daniel, Nehmetaj, Nevila
Natura: Capitolo di libro
Lingua:inglese
Soggetti:
Tags: Aggiungi Tag
Nessun Tag, puoi essere il primo ad aggiungerne!!

MARC

LEADER 00000nla a2200000 4500
001 0219533
005 20240502083546.2
041 0 |a eng 
044 |a CZ 
245 1 0 |a Building credibility in a small-open economy: a case of the Bank of Albania  |c Ján Dráb, Daniel Dujava, Nevila Nehmetaj 
610 2 0 |a politika menová 
610 2 0 |a politika fiškálna 
610 2 0 |a kríza finančná 
610 2 0 |a banky 
610 2 0 |a banky centrálne 
610 2 0 |a Albánsko 
610 2 0 |a solventnosť 
610 2 0 |a rating 
100 1 |a Dráb, Ján 
700 1 |a Dujava, Daniel 
700 1 |a Nehmetaj, Nevila